000 00838nas a2200277 4500
001 BR0302841
003 BR-BrBNA
005 20231205103845.0
007 ta
008 230509b bl.|||p| |||| 00| 00por d
040 _aBR-BrBNA
_bpor
_cBiblioteca Nacional de Agricultura
041 _a(Pt)
072 _aK10; F61
100 1 _aXavier, A.C.Soares, J.V.
100 1 _aAlmeida, A.C. de
245 1 _aVariação do índice de área foliar em clones de eucalipto ao longo de seu ciclo de crescimento
650 _aEUCALIPTO
650 _aCLONE
650 _aVARIEDADE
650 _aÁREA FOLIAR
650 _aCRESCIMENTO
650 _aESPÍRITO SANTO
773 0 _tRevista Árvore (Brasil)
_xISSN 0100-6762
_g(Jul-Aug 2002), v. 26(4) p. 421-427
_wBR0302841
909 _a202311
_bLúcia
_c55
_dLúcia Elande
942 _2AGRIS
_n0
_cANA
999 _c175107
_d175107